|
|
|
|
| LEADER |
00000cam a2200000 7i4500 |
| 001 |
0000002725 |
| 005 |
20160204093000.0 |
| 008 |
021118n |
| 090 |
0 |
0 |
|a BP135.A2
|b A2275
|
| 100 |
0 |
|
|a عبد الباقي, محمد فؤاد ,
|e author
|
| 241 |
2 |
3 |
|a al-Lu-lu wa-al-marjan
|
| 245 |
1 |
2 |
|a اللؤلؤ والمرجان :
|b فيما اتفق عليه الشيخان اماما المحدثين ابو عبد الله محمد بن اسماعيل بن ابراهيم بن المغيرة بن بردزبه البخارى و ابو الحسين مسلم بن الحجاج بن مسلم القشيرى النيسابورى في صححيهما اصح الكتب المصنفة
|c وضعه محمد فؤاد عبد الباقي
|
| 260 |
2 |
|
|a Bayrut :
|b al-Maktabah al-`Alamiyah ,
|c [19--]
|
| 300 |
|
|
|a 3 v. in 2. ;
|c 28 cm.
|
| 650 |
|
0 |
|a Hadith
|
| 700 |
1 |
|
|a بخاري، محمد بن اسماعيل
|t جامع الصحيح ,
|e author
|
| 999 |
|
|
|a 1000061335
|b Book
|c OPEN SHELF (30 DAYS)
|e Gong Badak Campus
|
| 999 |
|
|
|a 1000061336
|b Book
|c OPEN SHELF (30 DAYS)
|e Gong Badak Campus
|
| 999 |
|
|
|a 1000061337
|b Book
|c OPEN SHELF (30 DAYS)
|e Gong Badak Campus
|